Frontières entre Pays de différents Continents - Statistiques

Statistiques générales
  • Ce quiz a été pris 291 fois
  • Le résultat moyen est 14 sur 15
Statistiques - réponses
Réponse % Correct
Russie
99%
Brésil
97%
Espagne
97%
Panama
97%
Colombie
96%
Egypte
96%
France
96%
Maroc
96%
Indonésie
94%
Suriname
94%
Israël
91%
Papouasie-Nouvelle-Guinée
91%
Géorgie
87%
Kazakhstan
87%
Azerbaïdjan
85%
Aucun quiz correspondant
Distribution des résultats
% des personnes avec chaque résultat
Percentile par nombre de réponses
Votre historique - résultats
Vous n’avez pas pris ce quiz